Movies Quiz

Random Movies or Disney Quiz
Score 0/268 Timer 15:00
0 Plays Today
Year Film % Correct
2015Cinderella
66.2%
2019Dumbo
62.3%
2006Cars
62.3%
2019Mulan
61.5%
2019The Lion King
58.5%
2011Winnie the Pooh
58.5%
2010Toy Story 3
57.7%
2019Aladdin
56.2%
2018Freaky Friday
56.2%
2003Freaky Friday
56.2%
2011Cars 2
55.4%
2010Tangled
55.4%
2009Up
53.1%
2013Frozen
52.3%
2019Toy Story 4
50%
2003Finding Nemo
50%
2003Brother Bear
50%
2001Monsters, Inc
50%
2009The Princess and the Frog
48.5%
2019Frozen 2
47.7%
2017Beauty and the Beast
47.7%
2005Herbie Fully Loaded
46.9%
2004The Incredibles
46.2%
2003The Cheetah Girls
46.2%
2016Moana
45.4%
2015Inside Out
45.4%
2005Chicken Little
45.4%
2020Onward
45.4%
2015The Good Dinosaur
43.8%
2012Brave
43.8%
2006High School Musical
43.8%
2005Sky High
43.1%
2008Wall E
42.3%
2018Incredibles 2
41.5%
2007Ratatouille
41.5%
2016Finding Dory
40.8%
2008Camp Rock
40.8%
2007High School Musical 2
40.8%
2005Pooh's Heffalump Movie
40.8%
2001Recess: School's Out
40.8%
2001Atlantis: The Lost Empire
40.8%
2005Twitches
40%
2017Cars 3
39.2%
2005Go Figure
39.2%
2003Piglet's Big Movie
39.2%
2002Lilo & Stitch
39.2%
2008High School Musical 3: Senior Year
38.5%
2008Bolt
38.5%
2006Pirates of the Caribbean: Dead Man's Chest
38.5%
2005Valiant
38.5%
2005Kronk's New Groove
38.5%
2020Stargirl
38.5%
2004Mickey's Twice Upon a Christmas
37.7%
2002Cinderella II: Dreams Come True
37.7%
2018Zombies
36.9%
2017Coco
36.9%
2016Zootopia
36.9%
2007Jump In!
36.9%
2004Mulan II
36.9%
2004Home on the Range
36.9%
2001The Princess Diaries
36.9%
2018Wreck-It Ralph 2: Ralph Breaks the Internet
36.2%
2015Descendants
36.2%
2013Monsters University
36.2%
2010Camp Rock 2: The Final Jam
35.4%
2009Hannah Montana: The Movie
35.4%
2005The Greatest Game Ever Played
35.4%
2003Lizzie McGuire Movie
35.4%
2017Descendants 2
34.6%
2014Big Hero 6
34.6%
2012Wreck-It Ralph
34.6%
2004The Three Musketeers
34.6%
2003Pirates of the Caribbean: The Curse of the Black Pearl
34.6%
2002Treasure Planet
34.6%
2019Descendants 3
33.8%
2018A Wrinkle in Time
33.8%
2014Maleficent
33.8%
2008Tinker Bell
33.8%
2008Beverly Hills Chihuahua
33.8%
2005Ice Princess
33.8%
2016Jungle Book
33.1%
2011The Muppet
33.1%
2004Princess Diaries 2: Royal Engagement
33.1%
2004National Treasure
33.1%
2003The Haunted Mansion
33.1%
2017Pirates of the Caribbean: Dead Men Tell No Tales
32.3%
2008Minutemen
32.3%
2007Pirates of the Caribbean: At World's End
32.3%
2007Meet the Robinsons
32.3%
2005Pooh's Heffalump Halloween Movie
32.3%
Year Film % Correct
2005Kim Possible Movie: So the Drama
32.3%
2003The Even Stevens Movie
32.3%
2001Zenon: The Zequel
32.3%
2020Timmy Failure: Mistakes Were Made
32.3%
2011Geek Charming
31.5%
2007Enchanted
31.5%
2005Now You See It
31.5%
2005The Pacifier
31.5%
2004Halloweentown High
31.5%
2018Mary Poppins Returns
30.8%
2013Teen Beach Movie
30.8%
2010Alice In Wonderland
30.8%
2010TRON Legacy
30.8%
2009Race to Witch Mountain
30.8%
2006The Shaggy Dog
30.8%
2005Buffalo Dreams
30.8%
2004The Lion King 1 1
30.8%
2004Tiger Cruise
30.8%
2002Return to Never Land
30.8%
2002Snow Dogs
30.8%
2001Max Keeble's Big Move
30.8%
2011Pirates of the Caribbean: On Stranger Tides
30%
2011Good Luck Charlie, It's Christmas
30%
2006The Cheetah Girls 2
30%
2005Life is Ruff
30%
2004Around the World in 80 Days
30%
2003Holes
30%
2015Teen Beach Movie 2
29.2%
2011Lemonade Mouth
29.2%
2007Cinderella III: A Twist in Time
29.2%
2006Air Buddies
29.2%
2002The Country Bears
29.2%
2002The Rookie
29.2%
2001Lady and the Tramp II: Scamp's Adventure
29.2%
2001Halloweentown II: Kalabar's Revenge
29.2%
2001Spirited Away
29.2%
2001Prom
29.2%
2014Muppets: Most Wanted
28.5%
2009G-Force
28.5%
2008College Road Trip
28.5%
2007Bridge to Terabithia
28.5%
2007The Game Plan
28.5%
2006Return to Halloweentown
28.5%
2005The Proud Family Movie
28.5%
2004Stuck in the Suburbs
28.5%
2004Miracle
28.5%
2003The Jungle Book 2
28.5%
2001Twas the Night
28.5%
2013Saving Mr. Banks
27.7%
2010Star Struck
27.7%
2006Brother Bear 2
27.7%
2003The Young Black Stallion
27.7%
2002Cadet Kelly
27.7%
2002Get a Clue
27.7%
2001The Poof Point
27.7%
2001Luck of the Irish
27.7%
2001Hounded
27.7%
2011Mars Needs Moms
26.9%
2009A Christmas Carol
26.9%
2005Chronicles of Narnia: The Lion, Witch and the Wardrobe
26.9%
2004Winnie the Pooh: Springtime with Roo
26.9%
2004Confessions of a Teenage Drama Queen
26.9%
2003Right On Track
26.9%
2002Santa Clause 2: The Mrs. Clause
26.9%
2016Alice Through the Looking Glass
26.2%
2010Sorcerers Apprentice
26.2%
2008Chronicles of Narnia: Prince Caspian
26.2%
2006Wendy Wu: Homecoming Warrior
26.2%
2005Lilo and Stitch 2: Stich Has a Glitch
26.2%
2004Teacher's Pet
26.2%
2003Atlantis: Milo's Return
26.2%
2002Tuck Everlasting
26.2%
2001The Jennie Project
26.2%
2001Jumping Ship
26.2%
2012Radio Rebel
25.4%
2009Princess Protection Program
25.4%
2009Dadnapped
25.4%
2007National Treasure: Book of Secrets
25.4%
2006Cow Belles
25.4%
2004Zenon: Z3
25.4%
2003You Wish!
25.4%
2001Motocrossed
25.4%
2001Jett Jackson: The Movie
25.4%
2016Adventures in Babysitting
24.6%
2013Planes
24.6%
2006Glory Road
24.6%
2006Bambi II
24.6%
2004Going to the Mat
24.6%
2014Cloud 9
23.8%
2010Den Brother
23.8%
Year Film % Correct
2010Prince of Persia : Sands of Time
23.8%
2009Hatching Pete
23.8%
2009Wizards of Waverly Place: The Movie
23.8%
2007Johnny Kapahala: Back on Board
23.8%
2006The Fox and the Hound 2
23.8%
2003101 Dalmatians 2: Patch's London Adventure
23.8%
2001Mickey's Magical Christmas: Snowed in at the House of MouseSnowed in at the House of Mouse
23.8%
2016Pete's Dragon
23.1%
2014Alexander and the Terrible, Horrible, No Good, Very Bad Day
23.1%
2012Frenemies
23.1%
2011The Suite Life Movie
23.1%
2008Bedtime Stories
23.1%
2008The Cheetah Girls: One World
23.1%
2006Santa Clause 3: The Escape Clause
23.1%
2004Pixel Perfect
23.1%
2003Eddie's Million Dollar Cook-Off
23.1%
2003Full-Court Miracle
23.1%
2003Kim Possible: A Sitch in Time
23.1%
2002Gotta Kick It Up!
23.1%
2020Elephant
23.1%
2020Dolphin Reef
23.1%
2014Into The Woods
22.3%
2009Tinker Bell and the Lost Treasure
22.3%
2009Old Dogs
22.3%
2008Snow Buddies
22.3%
2003George of the Jungle 2
22.3%
2002Tru Confessions
22.3%
2002Double Teamed
22.3%
2002The Scream Team
22.3%
2016The Swap
21.5%
2015Bad Hair Day
21.5%
2014Zapped
21.5%
2007Underdog
21.5%
2007Twitches Too
21.5%
2006Read It And Weep
21.5%
2018Magic Camp
20.8%
2015Tomorrowland
20.8%
2014How To Build A Better Boy
20.8%
2012Let It Shine
20.8%
2011Beverly Hills Chihuahua 2
20.8%
2011Sharpay's Fabulous Adventure
20.8%
2010Tinker Bell and the Great Fairy Rescue
20.8%
2010The Search for Santa Paws
20.8%
2010Secretariat
20.8%
2010Avalon High
20.8%
2009Santa Buddies
20.8%
2009Space Buddies
20.8%
2006Invincible
20.8%
2006Eight Below
20.8%
2003Inspector Gadget 2
20.8%
2002A Ring of Endless Light
20.8%
2016Queen of Katwe
20%
2012Tinker Bell: Secret of the Wings
20%
2012John Carter
20%
2009Tigger & Pooh and a Musical Too
20%
2016The BFG
19.2%
2008The Little Mermaid III - Ariel's Beginning
19.2%
2002Winnie the Pooh: A Very Merry Christmas
19.2%
2013Super Buddies
18.5%
2012Treasure Buddies
18.5%
2003Air Bud Spikes Back
18.5%
2011Spooky Buddies
17.7%
2006The Wild
17.7%
2002Air Bud: Seventh Inning Fetch
17.7%
2014Million Dollar Arm
16.9%
2012Frankenweenie
16.9%
2016The Finest Hours
16.2%
2013Oz: The Great and Powerful
16.2%
2011Phineas & Ferb: Across the 2nd Dimension
16.2%
2004Howl's Moving Castle
16.2%
2012Beverly Hills Chihuahua 3: Viva La Fiesta!
15.4%
2009Ponyo
15.4%
2007My Friends Tigger and Pooh: Super Sleuth Christmas
15.4%
2005Once Upon a Mattress
15.4%
2017Tangled: Before Ever After
14.6%
2013Lone Ranger
14.6%
2012The Odd Life of Timothy Green
14.6%
2012Sofia the First: Once Upon a Princess
13.8%
2001The Other Side of Heaven
13.8%
2015Tinkerbell and the Legend of the Neverbeast
13.1%
2014McFarland, USA
13.1%
2014The Pirate Fairy
13.1%
2007The Secret of the Magic Gourd
13.1%
2012Girl vs. Monster
12.3%
2014Planes: Fire Rescue
11.5%
2012Santa Paws 2: The Santa Pups
11.5%
2011Once Upon A Warrior
7.7%
2012The Secret World of Arrietty
5.4%
Remove Ads.
Support Sporcle.
Get the best of Sporcle when you Go Orange. This ad-free experience offers more features, more stats, and more fun while also helping to support Sporcle. Thank you for becoming a member.

You're not logged in!

Compare scores with friends on all Sporcle quizzes.
OR
Log In

Sporcle TV

Today on Sporcle TV


Watch our educational content, quiz creation guides, and fun videos on Sporcle TV.

Show Comments

Extras

Top Quizzes Today


Score Distribution

Paid Content

Your Account Isn't Verified!

In order to create a playlist on Sporcle, you need to verify the email address you used during registration. Go to your Sporcle Settings to finish the process.

Report this User

Report this user for behavior that violates our Community Guidelines.

Details: